El hambre en el mundo explicada a mi hijo /

Պահպանված է:
Մատենագիտական մանրամասներ
Հիմնական հեղինակ: Ziegler, Jean (autor)
Ձևաչափ: Գիրք
Լեզու:իսպաներեն
Հրապարակվել է: Barcelona, España : El Aleph, 2004, c2004
Հրատարակություն:2a edición
Շարք:(La Medianoche de El Aleph ; 13)
Խորագրեր:
Ցուցիչներ: Ավելացրեք ցուցիչ
Չկան պիտակներ, Եղեք առաջինը, ով նշում է այս գրառումը!

MARC

LEADER 00000nam^a2200000^a^4500
001 000279608
005 20250521000000.0
008 080820 20042004
009 20260310111439.352
020 |a 84-7669-416-4 
037 |a Acervo ITESO - Biblioteca 
041 |a ESP 
082 |a 339. 46  |b ZIE 
100 |a Ziegler, Jean  |e (autor) 
245 1 3 |a El hambre en el mundo explicada a mi hijo /  |c J. Ziegler ; tr. por María del Mar Duró. 
250 |a 2a edición 
264 4 |a Barcelona, España :  |b El Aleph,  |c 2004, c2004 
300 |a 127 p. 
336 |a texto  |b txt  |2 rdacontenido 
337 |a sin mediación  |b n  |2 rdamedio 
338 |a volumen  |b nc  |2 rdasoporte 
440 3 |a (La Medianoche de El Aleph ;  |v 13) 
500 |a Traducción de: La faim dans le monde expliquée à mon fils 
649 |a XX 
650 |a Hambre -  |x Tema Principal 
650 |a Justicia e Injusticia 
650 |a Distribución del Ingreso 
650 |a Problemas Sociales 
650 |a Economía Internacional 
650 |a Política Internacional 
650 |a Sociología de la Economía 
650 |a Sociología Política 
910 |a Fondo General 
920 |a Impresos - Libros 
930 |a Colección General 
905 |a 101 
901 |a 0500166088  |b IT1  |c ACC  |u 20250521 
902 |a https://opac.biblio.iteso.mx/vufind/Record/000279608